Statistiques concernant Arrêts de la ligne 70 de Lyon (TCL)

Cliquez ici pour prendre le quiz!

Statistiques générales

  • Ce quiz a été pris 3 fois
  • Le résultat moyen est 28 sur 33

Statistiques - réponses

ArrondissementArrêt% Correct
Neuville-sur-SaôneBellegarde
100%
Lyon 6eBrotteaux
100%
Caluire-et-CuireCaluire Chemin Petit
100%
Caluire-et-CuireCaluire Place Foch
100%
Caluire-et-CuireCèdres
100%
VilleurbanneCharpennes - Charles Hernu
100%
VilleurbanneCité Internationale - Transbordeur
100%
Fleurieu-sur-SaôneFleurieu
100%
Fontaines-sur-SaôneFontaines Jules Ferry
100%
Fontaines-sur-SaôneFontaines Petit Moulin
100%
Lyon 3eGare Part-Dieu Vivier Merle
100%
Caluire-et-CuireHauts de Vassieux
100%
VilleurbanneLe Tonkin
100%
Caluire-et-CuireLe Vernay
100%
Caluire-et-CuireLycée Cuzin
100%
Caluire-et-CuireMarronniers
100%
Caluire-et-CuireMontée des Soldats
100%
Fontaines-sur-SaôneMontgay Chardonnière
100%
Neuville-sur-SaôneNeuville
100%
VilleurbanneParc Tête d’Or - Stalingrad
100%
Lyon 6ePart-Dieu Jules Favre
100%
Fontaines-sur-SaônePont de Fontaines
100%
VilleurbanneRossellini
100%
Caluire-et-CuireSaint Clair. - Square Brosset
100%
Caluire-et-CuireBois Roux
50%
Neuville-sur-SaôneGorgeat
50%
Fleurieu-sur-SaôneGuimet
50%
Fontaines-sur-SaôneLa Creuzette
50%
Rochetaillée-sur-SaôneLes Anzieux
50%
Fontaines-sur-SaôneMontée Roy
50%
Rochetaillée-sur-SaôneRochetaillée Ecluse
50%
Fleurieu-sur-SaôneTourneyrand
50%
Rochetaillée-sur-SaôneRochetaillée Centre
0%

Distribution des résultats

Percentile par nombre de réponses

% des personnes avec chaque résultat

Votre développement - résultats

Vous n’avez pas pris ce quiz